You'll Be Back- Hamilton Lyrics - Statistics

General Stats
  • This quiz has been taken 85 times
    62 since last reset
  • The average score is 26 of 32
Answer Stats
Hint Answer % Correct
You say the price of my ___ not a price they're willing to pay Love
98%
You say our ____ is draining, and you cant go onnnnnnnnnnnnnn love
98%
For your ____, For your praise Love
98%
and I'll ____ till my dying days Love
98%
Why so ___? Sad
91%
Now, you're making me __ Mad
89%
When you're gone, I'll go ___ Mad
89%
AND NO, DON'T CHANGE THE _______ Subject
87%
'Cause your my favorite ______ Subject
87%
You'll Be back, ____ will tell Time
87%
you ___ Cry
85%
Da-da-da, dat-da, dat, da-da-da, da-ya-daDa-da, dat, dat, da-ya-da Da-da-da, dat-da, dat, da-da-da, da-ya-da __-da, dat, dat, da-ya Da
85%
Forever and ____ and ____ and ____ and ____ Ever
84%
And when ____ come to _____ Push Shove
84%
And when ____ come to _____ Push Shove
84%
_________, we made an arrangement when you went away Remember
84%
You'll _______ you belong to me Remember
84%
My sweet, _________ Subject Submissive
84%
I will Send a _____ _____ __________ to remind you of my love Fully Armed Battalion
82%
_______ rise, _______ Fall Oceans Empire
82%
You'll Remember that I _______ you well Served
82%
__________________ Soon you'll see You'll be Back
78%
You'll be back like _____ Before
76%
We have seen ___________ through it all Eachother
76%
I will ___ your ______ and _______ to remind you of my love Kill Friends Family
76%
My ____, _____ Subject Loyal Royal
76%
In your __, When you see me go by Tea
75%
So don't throw away this _____ we had Thing
75%
Remember, despite our _____________, I'm your man Estrangement
71%
You'll be the one ________ when I am gone Complainin
69%
I will _____ the _____ and win the ___ Fight War
69%
Da-da-da, dat-da, dat, da-da-da, da-ya-daDa-da, dat, dat, da-ya-da Da-da-da, dat-da, dat, da-da-da, da-ya-da Da-da, dat- _________! Da-da-da, dat-da, dat, da-da-da, da-ya-da Da-da, dat, dat, da-ya-da Da-da-da, dat-da, dat, da-da-da, da-ya-da Da-da-da, dat, da-ya-da-ah Everybody
44%
No matching quizzes found
Score Distribution
Percent of People with Each Score
Percentile by Number Answered
Your Score History
You have not taken this quiz since the last reset